Gaming Quiz

Random Gaming or World Quiz

World of Warcraft Classes Quiz Stats

 Plays Quiz Updated Oct 23, 2016

Score 0/12 Timer 02:00
8 Plays Today
% Correct
Warrior
95.7%
Mage
94.3%
Paladin
91.2%
Hunter
89.6%
Priest
88.3%
Warlock
88.2%
Rogue
87.5%
Druid
84.8%
Shaman
84.6%
Death knight
84.1%
Monk
78.1%
Demon Hunter
72.5%

You're not logged in!

Compare scores with friends on all Sporcle quizzes.
OR
Log In

Sporcle TV

Today on Sporcle TV


Watch our educational content, quiz creation guides, and fun videos on Sporcle TV.

Show Comments

Extras

Top Quizzes Today


Score Distribution

Your Account Isn't Verified!

In order to create a playlist on Sporcle, you need to verify the email address you used during registration. Go to your Sporcle Settings to finish the process.

Report this User

Report this user for behavior that violates our Community Guidelines.

Details: